Statistiques concernant Le Havre AC - Joueurs les plus capés

Cliquez ici pour prendre le quiz!

Statistiques générales

  • Ce quiz a été pris 10 fois
  • Le résultat moyen est 3 sur 10

Statistiques - réponses

ApparitionNationalitéJoueur% Correct
470FranceAlexandre Bonnet
88%
354FranceJean-Michel Lesage
75%
383FranceJean-Pascal Fontaine
63%
212FranceChristophe Revault
38%
220AlgerieVictor Lekhal
38%
200SlovaquieAlexander Vencel
13%
229MarocJamel Aït Ben Idir
0%
228FranceJean-Pierre Delaunay
0%
344FranceJérémy Hénin
0%
202FranceTeddy Bertin
0%

Distribution des résultats

Percentile par nombre de réponses

% des personnes avec chaque résultat

Votre développement - résultats

Vous n’avez pas pris ce quiz